| 000 -CABECERA |
| campo de control de longitud fija |
00819nam a2200265 u 4500 |
| 001 - NÚMERO DE CONTROL |
| campo de control |
000057116 |
| 005 - FECHA Y HORA DE LA ÚLTIMA TRANSACCIÓN |
| campo de control |
20200120223437.0 |
| 008 - DATOS DE LONGITUD FIJA--INFORMACIÓN GENERAL |
| campo de control de longitud fija |
130625s2004 ck ao gr 000 0 spa d |
| 020 ## - NÚMERO INTERNACIONAL ESTÁNDAR DEL LIBRO |
| Número Internacional Estándar del Libro |
9583013757 |
| 041 0# - CÓDIGO DE LENGUA |
| Código de lengua del texto/banda sonora o título independiente |
*spa |
| Código de lengua original |
eng |
| 043 ## - CÓDIGO DE ÁREA GEOGRÁFICA |
| Código de área geográfica |
s-ck--- |
| 082 04 - NÚMERO DE LA CLASIFICACIÓN DECIMAL DEWEY |
| Número de clasificación |
615.82 |
| Número de documento/Ítem |
C65s |
| Número de edición |
21 |
| 100 1# - ENTRADA PRINCIPAL--NOMBRE DE PERSONA |
| Nombre de persona |
Cole, Daisy |
| 245 10 - MENCIÓN DE TÍTULO |
| Título |
Shiatsu / |
| Mención de responsabilidad, etc. |
Daisy Cole ; traducción Gloria Inés Múnera. |
| 250 ## - MENCIÓN DE EDICIÓN |
| Mención de edición |
1a. ed. |
| 260 ## - PUBLICACIÓN, DISTRIBUCIÓN, ETC. |
| Lugar de publicación, distribución, etc. |
Bogotá : |
| Nombre del editor, distribuidor, etc. |
Panamericana, |
| Fecha de publicación, distribución, etc. |
2004. |
| 300 ## - DESCRIPCIÓN FÍSICA |
| Extensión |
128 p. : |
| Otras características físicas |
il., col. |
| 490 0# - MENCIÓN DE SERIE |
| Mención de serie |
Un libro en movimiento |
| 500 ## - NOTA GENERAL |
| Nota general |
En caratula: conéctese con las rutas de energía de su cuerpo para sanar naturalmente |
| 500 ## - NOTA GENERAL |
| Nota general |
Título original : Shiatsu. |
| 650 17 - PUNTO DE ACCESO ADICIONAL DE MATERIA--TÉRMINO DE MATERIA |
| Término de materia o nombre geográfico como elemento de entrada |
Masaje |
| Fuente del encabezamiento o término |
LEMB |
| 650 27 - PUNTO DE ACCESO ADICIONAL DE MATERIA--TÉRMINO DE MATERIA |
| Término de materia o nombre geográfico como elemento de entrada |
Entrenamiento en grupo |
| Fuente del encabezamiento o término |
LEMB |
| 650 27 - PUNTO DE ACCESO ADICIONAL DE MATERIA--TÉRMINO DE MATERIA |
| Término de materia o nombre geográfico como elemento de entrada |
Fuerza y energía |
| Fuente del encabezamiento o término |
LEMB |
| 700 1# - PUNTO DE ACCESO ADICIONAL--NOMBRE DE PERSONA |
| Nombre de persona |
Múnera, Gloria Iné |
| Término indicativo de función/relación |
tr. |